| 000 | 00361nam a22001337a 4500 | ||
|---|---|---|---|
| 082 |
_a823 _bPRA/C |
||
| 100 | _aPRAN | ||
| 245 | _aCHACHA CHAUDHARY AND THE FLYING SCORPION | ||
| 246 |
_aCHACHA CHAUDHARY AND THE FLYING SCORPION _bCHACHA CHAUDHARY AND THE FLYING SCORPION |
||
| 260 |
_aNEW DELHI _bDIAMOND |
||
| 300 | _a45 | ||
| 650 | _aENGLISH COMICS | ||
| 942 | _cBK | ||
| 999 |
_c8650 _d8650 |
||